Estimaciones de la pérdida de presión de aire a través de serpentines aletados de fabricación nacional utilizando un abanico axial
Wedi'i Gadw mewn:
| Prif Awdur: | |
|---|---|
| Awduron Eraill: | |
| Fformat: | Llyfr |
| Cyhoeddwyd: |
San José, Costa Rica
1992
|
| Pynciau: | |
| Tagiau: |
Ychwanegu Tag
Dim Tagiau, Byddwch y cyntaf i dagio'r cofnod hwn!
|
MARC
| LEADER | 00000nam a2200000Ia 4500 | ||
|---|---|---|---|
| 003 | 006011 | ||
| 005 | 20231130113015.0 | ||
| 008 | 140114s1992 cr a m 000 ||s d | ||
| 040 | |c cru CEDI | ||
| 090 | |a TFG 2716 | ||
| 100 | |a Rodríguez Vargas, Hanzel, 1964- |9 1943 | ||
| 245 | |a Estimaciones de la pérdida de presión de aire a través de serpentines aletados de fabricación nacional utilizando un abanico axial | ||
| 260 | |a San José, Costa Rica |c 1992 | ||
| 300 | |a xviii, 170 hojas : ilustraciones ; 28 cm. | ||
| 500 | |a Proyecto de graduación (licenciatura en ingeniería mecánica)--Universidad de Costa Rica. Facultad de Ingeniería. Escuela de Ingeniería Mecánica | ||
| 501 | |a Director de Proyecto de Graduación: Ing. Mark Bloomfield Foster | ||
| 650 | |x SERPENTINES |x DISEÑO Y CONSTRUCCION |9 12138 | ||
| 700 | |a Bloomfield Foster, Mark, 1927- |d Director del TFG |9 1942 | ||
| 942 | |c TFG |h TFG 2716 |i 006011 |6 TFG_2716_006011000000000 | ||
| 999 | |c 19959 |d 19959 | ||
